[Event "Landesklasse Ost 2013/2014"]
[Site "?"]
[Date "2013.11.17"]
[Round "3"]
[White "Kupper, Matthias"]
[Black "Bächer, Reinhard"]
[Result "1-0"]
[WhiteElo "1758"]
[BlackElo "1839"]
[PlyCount "79"]
[EventDate "2013.??.??"]
[WhiteTeam "ESV Gera"]
[BlackTeam "SG Arnstadt-Stadtilm"]

1. e4 c6 2. d4 d5 3. exd5 cxd5 4. Bd3 Nc6 5. c3 Nf6 6. Bf4 g6 7. Nd2 Bg7 8. h3
O-O 9. Ngf3 Re8 10. O-O Nh5 11. Bh2 Bh6 12. Re1 Nf4 13. Bf1 Bd7 14. Ne5 Nxe5
15. dxe5 e6 16. g3 Nh5 17. Nb3 Bf8 18. h4 Ng7 19. Bd3 Bc6 20. Qe2 a5 21. Rad1
Ba4 22. Bc2 Qb6 23. Rd4 Bxb3 24. Bxb3 Nf5 25. Ra4 Rec8 26. h5 Qd8 27. hxg6 hxg6
28. Bc2 b5 29. Rf4 Rc4 30. Bxf5 gxf5 31. Qh5 Bg7 32. g4 Rxf4 33. Bxf4 fxg4 34.
Qxg4 Rc8 35. Bh6 Qf8 36. Re3 Kh7 37. Bg5 Rc4 38. Rh3+ Kg8 39. Qh5 f5 40. exf6
1-0

[Event "Landesklasse Ost 2013/2014"]
[Site "?"]
[Date "2013.11.17"]
[Round "3"]
[White "Zahn, Alina"]
[Black "Hadlich, Gerald"]
[Result "1/2-1/2"]
[WhiteElo "1984"]
[BlackElo "1794"]
[PlyCount "56"]
[EventDate "2013.??.??"]
[WhiteTeam "SV Empor Erfurt"]
[BlackTeam "SV Hermsdorf"]

1. e4 e6 2. d4 d5 3. Nc3 Bb4 4. a3 Bxc3+ 5. bxc3 dxe4 6. Qg4 Nf6 7. Qxg7 Rg8 8.
Qh6 Nbd7 9. Ne2 b6 10. c4 Bb7 11. Bb2 Qe7 12. h3 O-O-O 13. O-O-O Rg6 14. Qe3
Rdg8 15. Nc3 Kb8 16. g3 h5 17. Bg2 Rg5 18. Nxe4 Nxe4 19. Bxe4 Bxe4 20. Qxe4 Rf5
21. Qe3 Qg5 22. Qxg5 Rfxg5 23. Rhe1 Rf5 24. Rd2 Rf3 25. Kd1 Rg5 26. h4 Rgf5 27.
Ree2 Nf6 28. Ke1 Ng4 1/2-1/2

[Event "Landesklasse Ost 2013/2014"]
[Site "?"]
[Date "2013.11.17"]
[Round "3"]
[White "Osterroth, Reinhard"]
[Black "Michalowski, Peter"]
[Result "1/2-1/2"]
[WhiteElo "1877"]
[BlackElo "1948"]
[PlyCount "26"]
[EventDate "2013.??.??"]
[WhiteTeam "SV Hermsdorf"]
[BlackTeam "SV Empor Erfurt"]

1. d4 Nf6 2. Nf3 e6 3. g3 d5 4. Bg2 Be7 5. c4 dxc4 6. Qa4+ Bd7 7. Qxc4 Bc6 8.
O-O Bd5 9. Qc2 Be4 10. Qa4+ Bc6 11. Qc2 Be4 12. Qa4+ Bc6 13. Qc2 Be4 1/2-1/2

[Event "Landesklasse Ost 2013/2014"]
[Site "?"]
[Date "2013.11.17"]
[Round "3"]
[White "Streichardt, Niklas"]
[Black "Moje, Hans-Jürgen"]
[Result "1/2-1/2"]
[WhiteElo "1748"]
[BlackElo "1725"]
[PlyCount "30"]
[EventDate "2013.??.??"]
[WhiteTeam "SV Empor Erfurt"]
[BlackTeam "SV Hermsdorf"]

1. e4 e5 2. Nf3 Nc6 3. Bc4 Bc5 4. c3 Nf6 5. d3 h6 6. b4 Bb6 7. O-O O-O 8. b5
Na5 9. Nbd2 d6 10. Ba3 Nxc4 11. Nxc4 Bg4 12. Nxb6 axb6 13. Bb2 Nh5 14. h3 Bxf3
15. Qxf3 Nf4 1/2-1/2

[Event "Landesklasse Ost 2013/2014"]
[Site "?"]
[Date "2013.11.17"]
[Round "3"]
[White "Hädrich, Dirk"]
[Black "Wahlicht, Mike"]
[Result "1/2-1/2"]
[WhiteElo "1792"]
[BlackElo "1821"]
[PlyCount "32"]
[EventDate "2013.??.??"]
[WhiteTeam "SV Hermsdorf"]
[BlackTeam "SV Empor Erfurt"]

1. d4 Nf6 2. c4 e6 3. Nc3 Bb4 4. Bg5 c5 5. e3 h6 6. Bh4 Qa5 7. Qc2 cxd4 8. exd4
d5 9. f3 dxc4 10. Bxc4 Nd5 11. Bxd5 Qxd5 12. Nge2 Nc6 13. O-O Bxc3 14. Qxc3 O-O
15. Qc5 b6 16. Qxd5 exd5 1/2-1/2

[Event "Landesklasse Ost 2013/2014"]
[Site "?"]
[Date "2013.11.17"]
[Round "3"]
[White "Bülau, Daniel"]
[Black "Thiemann, Jürgen"]
[Result "1/2-1/2"]
[WhiteElo "1495"]
[BlackElo "1708"]
[PlyCount "69"]
[EventDate "2013.??.??"]
[WhiteTeam "SV Hermsdorf"]
[BlackTeam "SV Empor Erfurt"]

1. e4 c6 2. d4 d5 3. exd5 cxd5 4. Bd3 Nc6 5. c3 Qc7 6. Nf3 Bg4 7. O-O e6 8. h3
Bh5 9. Be3 Bd6 10. Nbd2 Nge7 11. Qc2 Bg6 12. Rac1 O-O 13. a3 Rac8 14. c4 dxc4
15. Nxc4 Bxd3 16. Qxd3 Ng6 17. Nxd6 Qxd6 18. Rfd1 Rfd8 19. Qd2 h6 20. Rc3 Nce7
21. Rxc8 Rxc8 22. Ne5 a6 23. Nxg6 Nxg6 24. Rc1 Rc6 25. Rxc6 Qxc6 26. Qc3 Ne7
27. Qxc6 Nxc6 28. b4 Kf8 29. Kf1 Ke7 30. Ke2 Kd6 31. Kd3 Kd5 32. f4 h5 33. g3
f5 34. Bf2 g6 35. Be3 1/2-1/2

[Event "Landesklasse Ost 2013/2014"]
[Site "?"]
[Date "2013.11.17"]
[Round "3"]
[White "Günther, Oliver"]
[Black "Schulz, Phillip"]
[Result "1/2-1/2"]
[WhiteElo "1676"]
[BlackElo "1504"]
[PlyCount "69"]
[EventDate "2013.??.??"]
[WhiteTeam "SV Empor Erfurt"]
[BlackTeam "SV Hermsdorf"]

1. d4 Nf6 2. c4 e6 3. Nf3 d5 4. Nc3 c5 5. cxd5 cxd4 6. Nxd4 Nxd5 7. g3 Bb4 8.
Bd2 Nxc3 9. bxc3 Bc5 10. e3 e5 11. Nf3 Nc6 12. Qa4 O-O 13. Bg2 Qd3 14. Bf1 Qd5
15. Bg2 Bd7 16. Qc2 Bg4 17. Ng5 e4 18. Nxe4 Qc4 19. f3 Bh5 20. Nxc5 Qxc5 21.
O-O Rad8 22. Kh1 b6 23. Rad1 Nb4 24. Qb3 Nd3 25. h4 h6 26. g4 Bg6 27. f4 Bh7
28. c4 Qe7 29. g5 hxg5 30. hxg5 Be4 31. Bf3 Qe6 32. Kh2 Bxf3 33. Rxf3 Qg4 34.
Rdf1 Nc5 35. Qc2 1/2-1/2

[Event "Landesklasse Ost 2013/2014"]
[Site "?"]
[Date "2013.11.17"]
[Round "3"]
[White "Schlierf, Andre"]
[Black "Osterloh, Felix"]
[Result "1/2-1/2"]
[WhiteElo "1873"]
[BlackElo "1958"]
[PlyCount "147"]
[EventDate "2013.??.??"]
[WhiteTeam "TuS Osterburg Weida"]
[BlackTeam "SV Schott Jena"]

1. c4 Nf6 2. Nc3 d6 3. g3 e5 4. Bg2 Be7 5. e4 Nbd7 6. Nge2 O-O 7. O-O Re8 8. b3
Nf8 9. Bb2 h6 10. d4 c6 11. Qc2 Qc7 12. Rac1 a6 13. Nd1 Bg4 14. f3 Bh5 15. Ne3
Bg6 16. Kh1 Bh7 17. Rfd1 Rac8 18. Qc3 Nh5 19. Bh3 Rcd8 20. Rc2 Bf6 21. d5 c5
22. b4 b6 23. Rb1 Rb8 24. Bc1 Bg5 25. a3 Ng6 26. Nf5 Bxc1 27. Nxc1 Ne7 28. Ne3
Rf8 29. bxc5 bxc5 30. Rcb2 g6 31. Bg4 Ng7 32. Rxb8 Rxb8 33. Rxb8+ Qxb8 34. Qb3
Qa7 35. Qa4 f5 36. exf5 gxf5 37. Bh3 Qb7 38. Qb3 Qxb3 39. Nxb3 Kf7 40. Na5 Ke8
41. Kg1 Kd8 42. Kf2 Ne8 43. Nd1 Nf6 44. Nc3 Nh5 45. Nb3 Ng8 46. Nd2 Ngf6 47.
Nb3 f4 48. g4 Ng7 49. Nd2 Ke7 50. Bg2 Nge8 51. h3 Bg6 52. Nce4 Nxe4+ 53. fxe4
Nf6 54. Bf3 Be8 55. Bd1 Bd7 56. Kg2 Kf7 57. Bc2 Kg6 58. Nf3 Ne8 59. Nh4+ Kg5
60. Nf3+ Kf6 61. Nh4 h5 62. Nf5 Kg5 63. Bd1 Bxf5 64. gxf5 Nf6 65. Bf3 Kh4 66.
Kh2 Nh7 67. Kg2 Ng5 68. a4 a5 69. f6 Nf7 70. Be2 Kg5 71. Bf3 h4 72. Bg4 Kxf6
73. Bf5 Ng5 74. Kf2 1/2-1/2

[Event "Landesklasse Ost 2013/2014"]
[Site "?"]
[Date "2013.11.17"]
[Round "3"]
[White "Richter, Jan"]
[Black "Schumann, Robert"]
[Result "1-0"]
[WhiteElo "1899"]
[BlackElo "1843"]
[PlyCount "83"]
[EventDate "2013.??.??"]
[WhiteTeam "SV Schott Jena"]
[BlackTeam "TuS Osterburg Weida"]

1. Nf3 d5 2. g3 g6 3. Bg2 Bg7 4. d4 Nf6 5. c4 c6 6. cxd5 Nxd5 7. O-O O-O 8. e4
Nb6 9. h3 Na6 10. Nc3 Nc7 11. Be3 Nc4 12. Qe2 Nd6 13. Rac1 b6 14. Rfd1 Ba6 15.
Qe1 Nc4 16. Rc2 Qe8 17. b3 Na3 18. Rcc1 Nab5 19. Nxb5 Nxb5 20. a4 Nd6 21. Bf4
Rc8 22. e5 Nb7 23. b4 Qd7 24. h4 Nd8 25. Ng5 h6 26. Ne4 Kh7 27. Kh2 f5 28. exf6
exf6 29. Nd6 Ra8 30. b5 Bb7 31. Nxb7 Qxb7 32. bxc6 Qa6 33. c7 Nb7 34. Qe4 Na5
35. Qe6 Rae8 36. Qd7 Qc8 37. Qxc8 Rxc8 38. d5 g5 39. Be3 Nb3 40. Rc3 Na5 41. d6
f5 42. Bd4 1-0

[Event "Landesklasse Ost 2013/2014"]
[Site "?"]
[Date "2013.11.17"]
[Round "3"]
[White "Künzel, Andre"]
[Black "Richter, Gerhard"]
[Result "1/2-1/2"]
[WhiteElo "1905"]
[BlackElo "2010"]
[PlyCount "41"]
[EventDate "2013.??.??"]
[WhiteTeam "TuS Osterburg Weida"]
[BlackTeam "SV Schott Jena"]

1. d4 e6 2. Nf3 f5 3. Bg5 Be7 4. h4 Nf6 5. Nbd2 b6 6. Bxf6 Bxf6 7. e4 fxe4 8.
Nxe4 Bb7 9. Bd3 Nc6 10. c3 Qe7 11. Qe2 O-O-O 12. Ba6 d5 13. Nc5 bxc5 14. Bxb7+
Kxb7 15. Qb5+ Kc8 16. Qxc6 cxd4 17. Qa6+ Kd7 18. Qa4+ Kc8 19. Qa6+ Kb8 20. Qb5+
Kc8 21. Qa6+ 1/2-1/2

[Event "Landesklasse Ost 2013/2014"]
[Site "?"]
[Date "2013.11.17"]
[Round "3"]
[White "Mauch, Johannes"]
[Black "Heine, Robert"]
[Result "0-1"]
[WhiteElo "1783"]
[BlackElo "1613"]
[PlyCount "179"]
[EventDate "2013.??.??"]
[WhiteTeam "SV Schott Jena"]
[BlackTeam "TuS Osterburg Weida"]

1. e4 d6 2. Bc4 Nf6 3. Nc3 e5 4. d3 c6 5. f4 Be7 6. Nf3 Nbd7 7. O-O O-O 8. Bb3
Qc7 9. d4 h6 10. Kh1 Re8 11. Qd3 b5 12. fxe5 dxe5 13. dxe5 Nc5 14. Qe3 Ng4 15.
Qf4 Nxb3 16. axb3 Bc5 17. Qg3 Qb6 18. h3 Bf2 19. Qf4 Be3 20. Bxe3 Qxe3 21. Qxe3
Nxe3 22. Rf2 f5 23. Re1 b4 24. Rxe3 bxc3 25. bxc3 Rd8 26. exf5 Bxf5 27. Nd4 Bg6
28. Nxc6 Re8 29. e6 a5 30. Nd4 a4 31. bxa4 Rxa4 32. Nb5 Re4 33. Rxe4 Bxe4 34.
Nc7 Re7 35. Re2 Bc6 36. Kg1 Rxc7 37. Kf2 Kf8 38. c4 Ke7 39. Kg3 Be8 40. Re4 g6
41. Rh4 h5 42. Re4 Ba4 43. c3 Rc5 44. Kh4 Bc6 45. Re2 Rxc4+ 46. Kg5 Be4 47. g4
hxg4 48. hxg4 Bf3 49. Re3 Rxg4+ 50. Kh6 Bd5 51. Kg7 Bxe6 52. c4 Kd7 53. c5 Bf5
54. Rb3 Rc4 55. Rg3 Rxc5 56. Kf6 Rc6+ 57. Kg5 Ke7 58. Ra3 Ke6 59. Re3+ Kd5 60.
Re1 Rc4 61. Rg1 Ke4 62. Rg3 Rd4 63. Ra3 Rd3 64. Ra4+ Kf3 65. Ra1 Rd2 66. Ra3+
Bd3 67. Ra5 Rg2+ 68. Kf6 Bf5 69. Ra4 Kg3 70. Kg5 Kh3+ 71. Kf6 Rg4 72. Ra3+ Kh4
73. Ra8 Rc4 74. Rh8+ Kg4 75. Rh1 Rc6+ 76. Ke5 Re6+ 77. Kd5 Re2 78. Rg1+ Kf3 79.
Kd4 Kf4 80. Rf1+ Kg5 81. Kd5 Kh4 82. Kd4 Bh3 83. Rg1 g5 84. Kd3 Re8 85. Kd2 g4
86. Kd1 g3 87. Kd2 g2 88. Kd3 Kg3 89. Ra1 Kh2 90. Ra2 0-1

[Event "Landesklasse Ost 2013/2014"]
[Site "?"]
[Date "2013.11.17"]
[Round "3"]
[White "Wagner, Uwe"]
[Black "Scholz, Lucas"]
[Result "0-1"]
[WhiteElo "1708"]
[BlackElo "1732"]
[PlyCount "152"]
[EventDate "2013.??.??"]
[WhiteTeam "TuS Osterburg Weida"]
[BlackTeam "SV Schott Jena"]

1. Nf3 Nf6 2. b3 g6 3. Bb2 Bg7 4. e3 O-O 5. d4 d5 6. c4 c6 7. Nc3 Qa5 8. a3 c5
9. Qd2 Rd8 10. Nb5 Qxd2+ 11. Nxd2 Na6 12. dxc5 Nxc5 13. Nc7 Rb8 14. Be5 Ncd7
15. Bd4 dxc4 16. Bxa7 Ne8 17. Rc1 Nxc7 18. Bxb8 Nxb8 19. Nxc4 Nb5 20. Rd1 Re8
21. f3 Be6 22. a4 Nc3 23. Rd2 Nd7 24. Rc2 Nc5 25. Na5 Nxb3 26. Nxb3 Bxb3 27.
Rb2 Bd5 28. Rb4 Ra8 29. Bc4 Bc6 30. Bb3 Nxa4 31. Kf2 Nc3 32. Rc1 Rd8 33. Rc2 e6
34. Rc4 Nd1+ 35. Ke1 Nxe3 36. Rxc6 Nxc2+ 37. Rxc2 Be5 38. Rc5 Bxh2 39. Rb5 Rd7
40. Bc2 Bg1 41. Ra5 Rd8 42. Be4 Rb8 43. Bd3 Bd4 44. Ra4 Bc3+ 45. Kd1 b5 46. Ra3
b4 47. Ra5 Kg7 48. Rb5 Ra8 49. g4 Ra2 50. Bc4 Rd2+ 51. Kc1 Rf2 52. Rb7 Kf6 53.
g5+ Kxg5 54. Rxf7 e5 55. Bd5 h5 56. Rg7 Kh6 57. Rb7 h4 58. Rb8 Kg5 59. Rh8 e4
60. f4+ Rxf4 61. Re8 Kf5 62. Kc2 g5 63. Bc6 Rf2+ 64. Kc1 Re2 65. Kd1 Re1+ 66.
Kc2 Kf4 67. Rf8+ Ke3 68. Re8 Kd4 69. Rd8+ Kc4 70. Bd5+ Kc5 71. Be6 Rg1 72. Rg8
Rg2+ 73. Kd1 e3 74. Rc8+ Kd6 75. Bc4 h3 76. Rh8 Bxh8 0-1

[Event "Landesklasse Ost 2013/2014"]
[Site "?"]
[Date "2013.11.17"]
[Round "3"]
[White "Jordan, Gunter"]
[Black "Urban, Bernd"]
[Result "1/2-1/2"]
[WhiteElo "1855"]
[BlackElo "1698"]
[PlyCount "52"]
[EventDate "2013.??.??"]
[WhiteTeam "SV Schott Jena"]
[BlackTeam "TuS Osterburg Weida"]

1. d4 d5 2. c4 e6 3. Nc3 Nf6 4. Bg5 Be7 5. e3 O-O 6. Nf3 a6 7. Rc1 Nbd7 8. Bd3
dxc4 9. Bxc4 b5 10. Bd3 Bb7 11. O-O Rc8 12. Ne5 c5 13. Nxd7 Nxd7 14. Bxe7 Qxe7
15. Be4 Nf6 16. Bxb7 Qxb7 17. dxc5 Rxc5 18. Qd3 Rfc8 19. Rcd1 h6 20. Rd2 b4 21.
Na4 Ra5 22. b3 Ne4 23. Qd7 Rc7 24. Qd8+ Kh7 25. Rd4 Rd5 26. Rxd5 exd5 1/2-1/2

[Event "Landesklasse Ost 2013/2014"]
[Site "?"]
[Date "2013.11.17"]
[Round "3"]
[White "Heine, Mario"]
[Black "Werner, Martin"]
[Result "1/2-1/2"]
[WhiteElo "1683"]
[BlackElo "1435"]
[PlyCount "49"]
[EventDate "2013.??.??"]
[WhiteTeam "TuS Osterburg Weida"]
[BlackTeam "SV Schott Jena"]

1. d4 Nf6 2. Nf3 g6 3. e3 Bg7 4. Bd3 O-O 5. Nbd2 b6 6. O-O Bb7 7. e4 d6 8. Re1
Nbd7 9. Nf1 e5 10. c3 Re8 11. Qc2 d5 12. Bg5 dxe4 13. Bxe4 Bxe4 14. Rxe4 exd4
15. Rxd4 h6 16. Bh4 g5 17. Bg3 Nh5 18. Rd5 Nxg3 19. hxg3 c6 20. Rd6 Qc7 21.
Rad1 Rad8 22. Ne3 Ne5 23. Rxd8 Nxf3+ 24. gxf3 Rxd8 25. Nf5 1/2-1/2

[Event "Landesklasse Ost 2013/2014"]
[Site "?"]
[Date "2013.11.17"]
[Round "3"]
[White "Bönisch, Julian"]
[Black "Lehmann, Volkhard"]
[Result "1/2-1/2"]
[WhiteElo "1314"]
[BlackElo "1653"]
[PlyCount "51"]
[EventDate "2013.??.??"]
[WhiteTeam "SV Schott Jena"]
[BlackTeam "TuS Osterburg Weida"]

1. Nf3 e6 2. g3 d5 3. Bg2 c5 4. O-O Nc6 5. d3 Nf6 6. Nbd2 Be7 7. e4 d4 8. a4
Nd7 9. Nc4 e5 10. Ne1 O-O 11. f4 f6 12. Nf3 Nb6 13. b3 Nxc4 14. bxc4 Bd6 15. f5
Bd7 16. g4 Be7 17. h4 Be8 18. Rf2 h5 19. g5 g6 20. Bh3 Qd6 21. Rg2 fxg5 22.
Bxg5 Bxg5 23. Nxg5 Rf6 24. Ne6 Kh7 25. fxg6+ Bxg6 26. Ng5+ 1/2-1/2

[Event "Landesklasse Ost 2013/2014"]
[Site "?"]
[Date "2013.11.17"]
[Round "3"]
[White "Weiß, Thomas"]
[Black "Barth, Christian"]
[Result "1-0"]
[WhiteElo "1907"]
[BlackElo "1787"]
[PlyCount "97"]
[EventDate "2013.??.??"]
[WhiteTeam "SSV Vimaria 91 Weimar"]
[BlackTeam "TSV Zeulenroda"]

1. d4 d5 2. c4 e6 3. Nc3 Nf6 4. Bg5 Be7 5. cxd5 exd5 6. Qc2 h6 7. Bh4 Nc6 8.
Bxf6 gxf6 9. O-O-O Nb4 10. Qd2 Bf5 11. a3 a5 12. f3 Nc6 13. e4 dxe4 14. fxe4
Bg6 15. Nf3 f5 16. exf5 Bxf5 17. Bb5 Kf8 18. h4 Kg7 19. Qf4 Bg6 20. Rh3 Bd6 21.
Ne5 Qf6 22. Qxf6+ Kxf6 23. h5 Bf5 24. Rf3 Ne7 25. g4 c6 26. Bd3 Bxe5 27. dxe5+
Kxe5 28. Bxf5 Rad8 29. Re1+ Kd6 30. Rd3+ Nd5 31. Nxd5 cxd5 32. Red1 Ke5 33.
Re3+ Kf4 34. Re7 Rd6 35. Rf1+ Kg5 36. Rxf7 Re8 37. Bd3 Rc8+ 38. Kd2 Rb6 39.
Rg7+ Kh4 40. Rh1+ Kg3 41. g5 Kf4 42. Rf1+ Ke5 43. Re7+ Kd4 44. Rf4+ Kc5 45. b4+
axb4 46. axb4+ Kd6 47. Rg7 Ke5 48. Rf5+ Kd4 49. Rd7 1-0

[Event "Landesklasse Ost 2013/2014"]
[Site "?"]
[Date "2013.11.17"]
[Round "3"]
[White "Wolfram, Thomas"]
[Black "Anschütz, Mario"]
[Result "1/2-1/2"]
[WhiteElo "1725"]
[BlackElo "1846"]
[PlyCount "45"]
[EventDate "2013.??.??"]
[WhiteTeam "TSV Zeulenroda"]
[BlackTeam "SSV Vimaria 91 Weimar"]

1. d4 e6 2. e3 d5 3. Bd3 f5 4. Nf3 Nf6 5. O-O Bd6 6. Ne5 O-O 7. Nd2 Nbd7 8.
Ndf3 c6 9. c4 Ne4 10. b3 Rf6 11. Nxd7 Bxd7 12. Ne5 Qc7 13. Bb2 Rh6 14. f3 Ng5
15. Rf2 Rf8 16. Bf1 Be8 17. a4 Rff6 18. Ba3 Rfg6 19. g3 Rf6 20. Bxd6 Qxd6 21.
Qd2 Nf7 22. f4 Qe7 23. Nxf7 1/2-1/2

[Event "Landesklasse Ost 2013/2014"]
[Site "?"]
[Date "2013.11.17"]
[Round "3"]
[White "Latka, Robert"]
[Black "Liebold, Thomas"]
[Result "0-1"]
[WhiteElo "1719"]
[BlackElo "2006"]
[PlyCount "72"]
[EventDate "2013.??.??"]
[WhiteTeam "SSV Vimaria 91 Weimar"]
[BlackTeam "TSV Zeulenroda"]

1. e4 c5 2. Nf3 d6 3. d4 cxd4 4. Nxd4 Nf6 5. Nc3 a6 6. Be2 e5 7. Nb3 Qc7 8. O-O
b5 9. Be3 Bb7 10. Nd5 Nxd5 11. exd5 Nd7 12. a4 bxa4 13. Rxa4 Nb6 14. Ra5 Nc4
15. Bxc4 Qxc4 16. f4 e4 17. f5 Be7 18. Bd4 Bd8 19. Ra3 Qxd5 20. Bxg7 Bb6+ 21.
Kh1 Rg8 22. Qxd5 Bxd5 23. f6 e3 24. Na5 Kd7 25. c4 e2 26. Re1 Bxa5 27. Rxa5
Bxc4 28. b3 Bb5 29. g4 Rac8 30. Ra2 Rc3 31. Raxe2 Bxe2 32. Rxe2 Re8 33. Ra2 Rc6
34. Kg2 Re3 35. h4 Rxb3 36. Ra5 Rc2+ 0-1

[Event "Landesklasse Ost 2013/2014"]
[Site "?"]
[Date "2013.11.17"]
[Round "3"]
[White "Werner, Daniel"]
[Black "Mitter, Frank"]
[Result "1/2-1/2"]
[WhiteElo "1759"]
[BlackElo "1781"]
[PlyCount "68"]
[EventDate "2013.??.??"]
[WhiteTeam "TSV Zeulenroda"]
[BlackTeam "SSV Vimaria 91 Weimar"]

1. e4 c5 2. Nf3 Nc6 3. d4 cxd4 4. Nxd4 Nf6 5. Nc3 d6 6. Be2 e5 7. Nb3 Be7 8.
O-O O-O 9. Be3 Be6 10. f3 d5 11. Nxd5 Nxd5 12. exd5 Bxd5 13. c3 Be6 14. Qxd8
Raxd8 15. Rfd1 b6 16. Rxd8 Rxd8 17. Rd1 f5 18. Rxd8+ Bxd8 19. Nc1 Kf7 20. b3
Bc7 21. h3 Kf6 22. Nd3 h6 23. Bd2 g5 24. Nf2 Bd6 25. Kf1 Ne7 26. c4 Nc6 27. Bc3
Nb4 28. a3 Nc2 29. a4 Ne3+ 30. Kg1 Nc2 31. Nd3 Nd4 32. Bd1 Nc6 33. Kf2 Bd7 34.
Ke3 Be6 1/2-1/2

[Event "Landesklasse Ost 2013/2014"]
[Site "?"]
[Date "2013.11.17"]
[Round "3"]
[White "Philipp, Mathias"]
[Black "Wiedemann, Volker"]
[Result "1/2-1/2"]
[WhiteElo "1553"]
[BlackElo "1822"]
[PlyCount "51"]
[EventDate "2013.??.??"]
[WhiteTeam "SSV Vimaria 91 Weimar"]
[BlackTeam "TSV Zeulenroda"]

1. e4 e6 2. c4 d5 3. cxd5 exd5 4. exd5 Qxd5 5. Nc3 Qe6+ 6. Be2 c6 7. Nf3 Be7 8.
O-O Nf6 9. Re1 O-O 10. d4 Qd6 11. h3 h6 12. Be3 Nd5 13. Bc4 Be6 14. Qb3 Nd7 15.
Nxd5 cxd5 16. Bd3 Qb4 17. Qxb4 Bxb4 18. Bd2 Bxd2 19. Nxd2 Rac8 20. Rac1 Nb6 21.
b3 Rxc1 22. Rxc1 Rc8 23. Rxc8+ Nxc8 24. f4 Nd6 25. Kf2 f5 26. Ke3 1/2-1/2

[Event "Landesklasse Ost 2013/2014"]
[Site "?"]
[Date "2013.11.17"]
[Round "3"]
[White "Gräf, Michael"]
[Black "Teichmann, Mario"]
[Result "1-0"]
[WhiteElo "1851"]
[BlackElo "1348"]
[PlyCount "63"]
[EventDate "2013.??.??"]
[WhiteTeam "SSV Vimaria 91 Weimar"]
[BlackTeam "TSV Zeulenroda"]

1. d4 d5 2. Nf3 Nf6 3. e3 e6 4. Bd3 g6 5. Nbd2 Bg7 6. Ne5 O-O 7. O-O Nfd7 8. f4
c5 9. c3 Nxe5 10. fxe5 f5 11. Nf3 b6 12. Qe2 a5 13. Bd2 c4 14. Bc2 Ba6 15. Be1
Qd7 16. Bg3 Nc6 17. Bf4 b5 18. a3 Qb7 19. h4 h6 20. Nh2 Qe7 21. Rf3 g5 22. hxg5
hxg5 23. Bg3 g4 24. Rff1 Bh6 25. Nxg4 fxg4 26. Qxg4+ Qg7 27. Qxe6+ Kh8 28. Qh3
Bc8 29. Qh2 Kg8 30. Rxf8+ Qxf8 31. Bf4 Bxf4 32. Qh7# 1-0

[Event "Landesklasse Ost 2013/2014"]
[Site "?"]
[Date "2013.11.17"]
[Round "3"]
[White "Prütting, Marcus"]
[Black "Schröter, Paul"]
[Result "0-1"]
[WhiteElo "1292"]
[BlackElo "1692"]
[PlyCount "88"]
[EventDate "2013.??.??"]
[WhiteTeam "TSV Zeulenroda"]
[BlackTeam "SSV Vimaria 91 Weimar"]

1. e4 c5 2. Nf3 d6 3. d4 cxd4 4. Nxd4 Nf6 5. Nc3 g6 6. Bc4 Bg7 7. Be3 O-O 8.
O-O Nc6 9. Qd2 Ng4 10. h3 Nxe3 11. fxe3 Na5 12. Bb3 Nxb3 13. axb3 Bd7 14. Rf3
a6 15. Raf1 e5 16. Nde2 Be6 17. Rd1 Qa5 18. Nd5 Qxd2 19. Rxd2 Rad8 20. Nec3 f5
21. exf5 gxf5 22. Ne7+ Kh8 23. Rdf2 e4 24. Rf4 Bh6 25. Rh4 Bxe3 26. Ng6+ Kg7
27. Nxf8 Rxf8 28. Kf1 Bxf2 29. Kxf2 Rc8 30. Ke3 b5 31. Kd2 d5 32. Ne2 Rc7 33.
Nd4 Bc8 34. Rf4 Kf6 35. Ke3 Ke5 36. Rf2 h5 37. c3 Rg7 38. Ne2 h4 39. Kd2 Rg6
40. Ke3 a5 41. Kd2 b4 42. Ke3 Ba6 43. Nf4 Rg3+ 44. Kd2 e3+ 0-1

[Event "Landesklasse Ost 2013/2014"]
[Site "?"]
[Date "2013.11.17"]
[Round "3"]
[White "Katzer, Michael"]
[Black "Zeuner, Ulrich"]
[Result "1/2-1/2"]
[WhiteElo "1912"]
[BlackElo "1970"]
[PlyCount "45"]
[EventDate "2013.??.??"]
[WhiteTeam "VfL 1990 Gera"]
[BlackTeam "SV Medizin Erfurt"]

1. d4 d6 2. e4 g6 3. Nc3 Bg7 4. f4 e6 5. Nf3 Ne7 6. Bd3 O-O 7. Be3 a5 8. Qd2
Na6 9. O-O-O Nb4 10. Kb1 Nxd3 11. cxd3 f5 12. Qc2 c6 13. Rc1 b5 14. h4 h5 15.
Ng5 a4 16. Ne2 b4 17. Qd1 Bd7 18. Ng3 Qe8 19. Rf1 Ra5 20. Qe2 a3 21. b3 e5 22.
dxe5 dxe5 23. Qc2 1/2-1/2

[Event "Landesklasse Ost 2013/2014"]
[Site "?"]
[Date "2013.11.17"]
[Round "3"]
[White "Welde, Kevin"]
[Black "Fischer, Dennis"]
[Result "0-1"]
[WhiteElo "1853"]
[BlackElo "1904"]
[PlyCount "42"]
[EventDate "2013.??.??"]
[WhiteTeam "VfL 1990 Gera"]
[BlackTeam "SV Medizin Erfurt"]

1. c4 Nf6 2. g3 g6 3. Bg2 Bg7 4. Nc3 O-O 5. Nf3 c6 6. O-O d5 7. cxd5 cxd5 8. d4
Nc6 9. Ne5 e6 10. Nf3 Ne8 11. Be3 Nd6 12. Rb1 h6 13. Qd2 Nc4 14. Qc1 Nxe3 15.
Qxe3 e5 16. Nb5 a6 17. Na3 exd4 18. Qd2 Bf5 19. Rbc1 Be4 20. Nc2 Qf6 21. Rfd1
d3 0-1

[Event "Landesklasse Ost 2013/2014"]
[Site "?"]
[Date "2013.11.17"]
[Round "3"]
[White "Rost, Detlef"]
[Black "Huster, Mike"]
[Result "1/2-1/2"]
[WhiteElo "1885"]
[BlackElo "1899"]
[PlyCount "82"]
[EventDate "2013.??.??"]
[WhiteTeam "SV Medizin Erfurt"]
[BlackTeam "VfL 1990 Gera"]

1. d4 Nf6 2. c4 g6 3. Nc3 Bg7 4. e4 d6 5. Be2 O-O 6. Bg5 Nbd7 7. Qd2 c5 8. d5
a6 9. a4 Rb8 10. h3 Qa5 11. Nf3 b5 12. cxb5 Qb4 13. O-O Nxe4 14. Nxe4 Qxe4 15.
Ra2 Bb7 16. Rd1 Nb6 17. bxa6 Bxd5 18. Ra3 Nc4 19. Bxc4 Bxc4 20. Re3 Qc6 21.
Bxe7 Rfe8 22. a7 Ra8 23. Qxd6 Qxa4 24. Ra3 Qc2 25. Re3 Rxa7 26. Rd2 Qb1+ 27.
Kh2 Qf5 28. Qxc5 Raxe7 29. Rxe7 Qxc5 30. Rxe8+ Bf8 31. Rdd8 Qxf2 32. Rxf8+ Kg7
33. Rg8+ Kf6 34. Rd2 Qe3 35. Rgd8 h5 36. R8d4 Be6 37. R4d3 Qe4 38. Ng1 g5 39.
Rd4 Qe5+ 40. Kh1 g4 41. R4d3 Qe4 1/2-1/2

[Event "Landesklasse Ost 2013/2014"]
[Site "?"]
[Date "2013.11.17"]
[Round "3"]
[White "Richter, Sven"]
[Black "Eger, Axel"]
[Result "1/2-1/2"]
[WhiteElo "1937"]
[BlackElo "1847"]
[PlyCount "54"]
[EventDate "2013.??.??"]
[WhiteTeam "VfL 1990 Gera"]
[BlackTeam "SV Medizin Erfurt"]

1. e4 e6 2. d3 d5 3. Nd2 Nf6 4. Ngf3 dxe4 5. dxe4 Nc6 6. Bc4 Bc5 7. O-O O-O 8.
c3 a6 9. a4 Qe7 10. Qe2 e5 11. h3 Be6 12. b4 Bd6 13. Re1 h6 14. Bxe6 Qxe6 15.
Nf1 Rfd8 16. Ng3 Bf8 17. Nf5 Ne7 18. N3h4 Ne8 19. Be3 Nd6 20. Nxd6 Rxd6 21. Bc5
Rd7 22. Bxe7 Bxe7 23. Nf5 Rad8 24. Rad1 Bg5 25. Rxd7 Qxd7 26. h4 Bf6 27. a5 Qd2
1/2-1/2

[Event "Landesklasse Ost 2013/2014"]
[Site "?"]
[Date "2013.11.17"]
[Round "3"]
[White "Schönfeld, Volker"]
[Black "Stumm, Rainer"]
[Result "1-0"]
[WhiteElo "1900"]
[BlackElo "1599"]
[PlyCount "41"]
[EventDate "2013.??.??"]
[WhiteTeam "VfL 1990 Gera"]
[BlackTeam "SV Medizin Erfurt"]

1. e4 e6 2. d4 d5 3. Nd2 c5 4. exd5 exd5 5. Ngf3 Nc6 6. Bb5 Bd7 7. O-O cxd4 8.
Nb3 Bd6 9. Nbxd4 Qb6 10. c3 a6 11. Ba4 Nge7 12. Qd3 h6 13. Re1 Qa5 14. Bc2 Bg4
15. Nb3 Qb5 16. Qe3 Bxf3 17. Qxf3 Rd8 18. Qg4 g5 19. Nd4 Nxd4 20. Qxd4 Kd7 21.
Ba4 1-0